000 00514nam a2200157 a 4500
001 000044719
005 20201002045556.0
008 150107s2010 dr a 000 0 spa d
040 _aDO-SdBNP
_bspa
_cBNPHU
082 _axxxx
_bxxxx
245 0 0 _aAgroforestería para protección de suelos :
_bmanual práctico /
_cedición Marsie González.
260 _aSanto Domingo :
_bSave The Children,
_c2010.
300 _a39 p. :
_bil. ;
_c22 cm.
504 _aBibliografía : p. 39
700 1 _aGonzález, Marsie
_eed.
_972717
999 _c44208
_d44208